000
00373nam a22001577a 4500
003
MPLRDC
005
20220104142539.0
008
210129b ||||| |||| 00| 0 eng d
082
_a
421 MYT
100
_a
麦咏天编
245
_a
购物小智慧
_c
260
_a
_b
风采出版社
_c
300
_b
平
650
_a
家庭经济;家庭管理
942
_c
BK
_o
421 MYT
999
_c
31768
_d
31758